000 00492nam a2200157 4500
001 145029
003 ES-MaACL
005 20230906201141.0
007 t|
008 070214s1907 fr r ||||1| fre d
100 1 _aSollier, Paul.
_9107228
245 1 0 _aEssai critique et theorique sur l'association en Psychologie /
_cpar le Dr. Paul Sollier.
260 _aParis :
_bFélix Alcan,
_c1907 (
_eTours :
_fE. Arrault et Cie.)
300 _aVII, 187 p. ;
_c18 cm.
852 _aES-MaACL
_jF-11705
999 _c145029
_d145029